| 000 | 00319 a2200133 4500 | ||
|---|---|---|---|
| 001 | 37825 | ||
| 082 | _a658.15 STE | ||
| 090 |
_c24017 _d24017 |
||
| 100 | _aSteiner Henry Malcolm | ||
| 245 | _aEngineering Economic Principles, 2/e | ||
| 250 | _a2 | ||
| 260 |
_aSingapore _bMcGraw-Hill _c1996 |
||
| 300 | _axvi, 520p. | ||
| 942 |
_aNUST-CAE _k658.15 STE |
||
| 999 |
_c272898 _d272898 |
||